000 00501nam a2200181 i 4500
001 94238
003 ES-MaACL
005 20240131063030.0
007 t|
008 050803s1965 sp ||||1| spa d
100 1 _aMaragall, Joan,
_d1860-1911
_9152432
245 1 0 _aObra poética /
_cJuan Maragall.
250 _aEd. bilingüe.
260 _aBarcelona :
_bCírculo de Lectores,
_c1965.
300 _a119 p. ;
_c18 cm.
852 _aES-MaACL
_jC-27743
_bR.57073
999 _c94238
_d94238